000 00418nam a2200169Ia 4500
001 38957
008 140423s9999 xx 000 0 und d
020 _aNA
040 _cPK-LaUMT
082 _a 891.4393
_bSAD-P
100 _aSiddiq Salik
245 _aPressur cooker (Urdu)
_cSiddiq Salik
260 _aLahore,Pakistan:
_bAl-Faisal Publisher and Traders,
_c2003
300 _a349 p.
546 _aEN
942 _cBK
999 _c38272
_d38272